000 00292nam a22001337a 4500
008 170220b xxu||||| |||| 00| 0 eng d
020 _a9781605476339
041 _aeng
080 _29TH
_a615
100 _a5
101 _aSHF
245 _aCLINICALP HARMACOLOGY
_cFORD, S.M
942 _2udc
_cBK
999 _c5850
_d5850